| 000 | 00657nam a2200229Ia 4500 | ||
|---|---|---|---|
| 005 | 20251020182519.0 | ||
| 008 | 200515s9999 xx 000 0 und d | ||
| 082 | _a69.003/Z94/1994 | ||
| 100 | _aZURITA RUIZ, José | ||
| 245 | 0 | _aOrganización de empresas constructoras | |
| 250 | _a7a ed. | ||
| 260 | _aBarcelona | ||
| 260 | _c1994 | ||
| 500 | _a1 ejemplar | ||
| 520 | _aTrata la organización de empresas constructoras desde un punto de vista práctico y de una actividad concreta | ||
| 650 | _aEMPRESAS CONSTRUCTORAS | ||
| 650 | _aLIB | ||
| 650 | _aORGANIZACION | ||
| 650 | _aORGANIZACION DE EMPRESAS | ||
| 650 | _aPROYECTOS | ||
| 942 | _cLIB | ||
| 999 |
_c1682 _d1682 |
||